| 000 | 00397nam a2200169Ia 4500 | ||
|---|---|---|---|
| 008 | 210210b1891 xxu||||| |||| 00| 0 eng d | ||
| 041 | _aeng | ||
| 082 | _a821/64 | ||
| 100 | _aBROWNING (E B) | ||
| 245 | _aSelections: I series | ||
| 260 |
_aLondon _bSmith Elder and Company _c1891 |
||
| 650 | _aseries | ||
| 650 | _aSelections: | ||
| 650 | _aI | ||
| 690 | _aEnglish Poetry | ||
| 906 | _a011233 | ||
| 999 |
_c129901 _d129901 |
||